[Event "Athens Smaok op"]
[Site "Athens"]
[Date "2010.10.14"]
[Round "3.9"]
[White "Maroulakos, Stavros"]
[Black "Bakas, Dimitrios"]
[Result "1/2-1/2"]
[WhiteElo "1755"]
[BlackElo "1290"]
[PlyCount "113"]
[EventDate "2010.09.30"]
[EventType "swiss"]
[EventRounds "7"]
[EventCountry "GRE"]
[SourceTitle "EXT 2024"]
[Source "ChessBase"]
[SourceDate "2023.10.10"]
[SourceVersion "1"]
[SourceVersionDate "2023.10.10"]
[SourceQuality "1"]

1. e4 e5 2. Nf3 Nc6 3. Bb5 a6 4. Ba4 Bc5 5. 0-0 d6 6. d4 b5 7. Bxb5 axb5 8. dxc5 Bg4 9. Qd3 Bxf3 10. Qxf3 Nd4 11. Qd1 dxc5 12. c3 Ne6 13. Qb3 c6 14. Rd1 Qf6 15. Be3 Ne7 16. Nd2 0-0 17. a4 bxa4 18. Rxa4 Rfb8 19. Rxa8 Rxa8 20. Qb7 Rd8 21. Ra1 h6 22. Nb3 c4 23. Na5 Ng5 24. Bc5 Ng6 25. Nxc6 Rd2 26. Na5 Nh4 27. Qc8+ Kh7 28. Qg4 Qd8 29. Nxc4 Ngf3+ 30. Qxf3 Nxf3+ 31. gxf3 Rd1+ 32. Rxd1 Qxd1+ 33. Kg2 f6 34. Ne3 Qb3 35. Ba3 g6 36. c4 h5 37. c5 Kg7 38. c6 Qb6 39. Nd5 Qxc6 40. Be7 f5 41. Bf6+ Kf7 42. Bxe5 fxe4 43. fxe4 Qe6 44. f4 Qg4+ 45. Kf2 h4 46. b4 h3 47. Ne3 Qe6 48. Nd5 g5 49. Ke3 g4 50. Kf2 Qa6 51. Nc3 Qd3 52. f5 Qf3+ 53. Ke1 Qe3+ 54. Kf1 Qf3+ 55. Ke1 Qe3+ 56. Kf1 Qf3+ 57. Ke1 1/2-1/2

[Event "Athens Smaok op"]
[Site "Athens"]
[Date "2010.10.07"]
[Round "2.12"]
[White "Bakas, Dimitrios"]
[Black "Kazantzoglou, Aristotelis"]
[Result "1-0"]
[WhiteElo "1290"]
[BlackElo "1000"]
[PlyCount "22"]
[EventDate "2010.09.30"]
[EventType "swiss"]
[EventRounds "7"]
[EventCountry "GRE"]
[SourceTitle "EXT 2024"]
[Source "ChessBase"]
[SourceDate "2023.10.10"]
[SourceVersion "1"]
[SourceVersionDate "2023.10.10"]
[SourceQuality "1"]

1. e4 d6 2. Nf3 Bg4 3. Be2 Bxf3 4. Bxf3 g6 5. d4 Bg7 6. Be3 c6 7. 0-0 c5 8. c3 Nf6 9. dxc5 0-0 10. cxd6 Nc6 11. dxe7 Qxe7 1-0